000 00719 a2200217 4500
020 _a978-85-7348-908-8
040 _aULA-LD-MS
082 _b343/POR/V
082 _b396
100 _9842
_aPORTO, Pedro Rui da Fontoura
245 _aViolência Doméstica e Familiar Contra a Mulher
_b- Lei11.340/06 - Análise Crítica e Sistemática
250 _a3ª Edição Revista, Actualizada e de Acordo com ADI4424
260 _aPorto Alegre
_bLivrariado Advogado Editora
_c2014
300 _a160p.
600 0 _aPORTO, Pedro Rui da Fontoura
650 _aDireito
650 _aDireito Penal
650 _aFemenismo. Situaȯ̂ e Condição das Mulheres
700 _aPedro Rui da Fontoura Porto
942 _cLivros
999 _c2063
_d2063